| 000 | 00803nam a2200205 u 4500 | ||
|---|---|---|---|
| 005 | 20240416063954.0 | ||
| 008 | 001023s1969 mx r 000 0 spa d | ||
| 035 | _aUPN01000118266 | ||
| 049 | _aSEP | ||
| 050 | 4 |
_aHD4885 M6 _bD6.2 |
|
| 100 | 1 | _aDomínguez R., Jorge E. | |
| 245 | 1 | 0 |
_aAlgunas consideraciones sobre la capacitación industrial y los esquemas de entrenamiento de mano de obra a la luz de la experiencia internacional / _cpor Jorge E. Domínguez R. |
| 260 |
_aMéxico : _bSEP, _c1969. |
||
| 300 | _a21 h. | ||
| 440 | 0 |
_aCNEA ; _v14 |
|
| 500 | _aPonencia presentada en la Conferencia Nacional de Educación de Adultos. b) Sección de Capacitación de Mano de Obra. | ||
| 650 | 4 |
_aTrabajo _xCapacitación _921440 |
|
| 650 | 4 |
_aTRABAJO Y TRABAJADORES - _vCONGRESOS _920852 |
|
| 905 | _aLibro | ||
| 999 |
_c90644 _d90644 |
||